| 000 | 00559nam a2200157Ia 4500 | ||
|---|---|---|---|
| 008 | 230907s9999||||xx |||||||||||||| ||und|| | ||
| 082 |
_a621.395491 _bMUD |
||
| 100 |
_aMuddasar Nawaz (201260731MCES64112F) _9116316 |
||
| 245 | 0 | _aPerformance evaluation of Tarbela power station for improving operational efficiency and reliability using modern techniques / | |
| 260 |
_aUSPCAS-E, NUST, _bIslamabad : _c2016 |
||
| 300 | _aix, 106 p. : | ||
| 520 | _aTH-37 | ||
| 650 | _aMS-ESE Thesis MS Thesis | ||
| 700 |
_aDr Muhammad Bilal Khan _919368 |
||
| 942 |
_cTHE _2ddc |
||
| 999 |
_c601716 _d601716 |
||